Confesiones
Đã lưu trong:
| Tác giả chính: | |
|---|---|
| Định dạng: | Sách |
| Ngôn ngữ: | Tiếng Tây Ban Nha |
| Được phát hành: |
Madrid
Apostolado de la Prensa S.A
1958
|
| Phiên bản: | 3a. ed |
| Những chủ đề: | |
| Các nhãn: |
Thêm thẻ
Không có thẻ, Là người đầu tiên thẻ bản ghi này!
|
MARC
| LEADER | 00000nam a2200000 a 4500 | ||
|---|---|---|---|
| 001 | UCP1253 | ||
| 003 | CL-VaPUC | ||
| 008 | 990401e19580000SP |||||||||||||||||spa|d | ||
| 082 | 0 | 4 | |a 189.2 |b AGU |2 21 |
| 100 | |a San Agustín de Hipona |x Teólogo y filósofo cristiano |9 311590 | ||
| 245 | 1 | 0 | |a Confesiones |
| 250 | |a 3a. ed | ||
| 300 | |a 416 p | ||
| 942 | |c BK | ||
| 945 | |d 19990401 00:00:00 |a lazolas | ||
| 260 | |a Madrid |b Apostolado de la Prensa S.A |c 1958 | ||
| 600 | 0 | |a San Agustín de Hipona |x Teólogo y filósofo cristiano |9 311590 | |
| 650 | 0 | |a Teología |9 258766 | |
| 650 | 0 | |a Filosofía |9 223554 | |
| 650 | 0 | |a Cristianismo |9 257361 | |
| 650 | 0 | |a Edad media |9 258041 | |
| 650 | 0 | |a Conceptos morales |9 310606 | |
| 583 | |a last modification |c 19990401 00:00:00 |k Rodrigo Vera | ||
| 999 | |c 279951 |d 279949 | ||
| 952 | |0 0 |1 0 |4 0 |6 189_200000000000000_AGU_1958 |7 0 |8 A |9 319892 |a BIBHIS |b BIBHIS |d 2019-11-20 |i 1331876 |o 189.2 AGU 1958 |p 1331876 |r 2025-01-20 |w 2019-11-20 |y BK |k HIS | ||